Diritto canonico: nozioni essenziali
Պահպանված է:
| Ձևաչափ: | Գիրք |
|---|---|
| Լեզու: | իտալերեն |
| Հրապարակվել է: |
Nápoles
Edizioni Giuridiche Simone
2007
|
| Շարք: | Collana Timone, 222-1
|
| Խորագրեր: | |
| Ցուցիչներ: |
Ավելացրեք ցուցիչ
Չկան պիտակներ, Եղեք առաջինը, ով նշում է այս գրառումը!
|
MARC
| LEADER | 00000cam a2200000 a 4500 | ||
|---|---|---|---|
| 001 | UCG8810 | ||
| 003 | CL-VaPUC | ||
| 008 | 120106e20070000IT |||||||||||||||||ita|d | ||
| 020 | |a 9788824460170 | ||
| 082 | 0 | 4 | |a 262.9 |b DIR |2 21 |
| 245 | 1 | 0 | |a Diritto canonico: nozioni essenziali |
| 300 | |a 128 p | ||
| 942 | |c BK | ||
| 945 | |d 20120106 00:00:00 |a cmena | ||
| 260 | |a Nápoles |b Edizioni Giuridiche Simone |c 2007 | ||
| 650 | 7 | |a DERECHO CANONICO |2 CL-VaPUC |9 559988 | |
| 650 | 0 | |a Jurisprudencia |9 255952 | |
| 650 | 7 | |a LIBERTAD RELIGIOSA |2 CL-VaPUC |9 559989 | |
| 583 | |a last modification |c 20120106 11:45:00 |k Rodrigo Vera | ||
| 490 | 0 | |a Collana Timone, 222-1 | |
| 999 | |c 346398 |d 346396 | ||
| 952 | |0 0 |1 0 |4 0 |6 262_900000000000000_DIR_2007 |7 0 |8 A |9 447081 |a BIBDER |b BIBDER |d 2019-11-22 |i 4817222 |o 262.9 DIR 2007 |p 4817222 |r 2023-01-25 |w 2019-11-22 |y BK |k DER | ||